| 000 | 00472nam a2200169Ia 4500 | ||
|---|---|---|---|
| 999 |
_c1106 _d1106 |
||
| 003 | OSt | ||
| 005 | 20200923125905.0 | ||
| 008 | 190216s9999||||xx |||||||||||||| ||und|| | ||
| 040 | _coclc | ||
| 082 |
_a581.4 _bCHA/P |
||
| 100 |
_aChandurkar, P J _94873 |
||
| 245 | 0 |
_aPlant Anatomy / _cP J Chandurkar |
|
| 260 |
_bOxford & I B H Publishing, _c1971. _aNew Delhi: |
||
| 300 | _a253p | ||
| 650 | _aBotany | ||
| 942 |
_cBK _2ddc _h581.4 _iCHA/P _k581.4 _mCHA/P |
||